| 000 | 00633nam a2200193Ia 4500 | ||
|---|---|---|---|
| 003 | IN-BaIIA | ||
| 008 | 211028s9999 xx 000 0 eng d | ||
| 020 | _a978-1-107-09047-7 | ||
| 040 | _cIIA Library | ||
| 080 |
_a523.98 _bHEL |
||
| 100 | _aSchrijver, Carolus J. | ||
| 245 | 0 |
_aHeliophysics _bactive stars, their astrospheres and impacts on planetary environments _cCarolus J. Schrijver |
|
| 260 |
_aCambridge _bCambridge University Press _c2016 |
||
| 300 | _axiii, 383p. | ||
| 650 |
_aSolar magnetic fields _94454 |
||
| 650 |
_aSolar radiation _95007 |
||
| 650 |
_aSun _91200 |
||
| 942 | _cBK | ||
| 999 |
_c19285 _d19285 |
||